| 000 | 00702nam a22002057a 4500 | ||
|---|---|---|---|
| 999 |
_c13356 _d13356 |
||
| 003 | AR-CdUCM | ||
| 008 | 190415b ||||| |||| 00| 0 spa d | ||
| 040 |
_aMUNICIPALIDAD PROVINCIAL DEL CUSCO _cBIBLIOTECA MUNICIPAL DEL CUSCO |
||
| 082 |
_aC / 306.484 / _bV78 / 1971 |
||
| 100 |
_aVizcarra A, Julio _931734 |
||
| 245 |
_aEl tango : _b(Ubicación Sociológica) / |
||
| 260 |
_aCusco : _bLos andes, _c1971. |
||
| 300 |
_a60 páginas ; _c21 cm. |
||
| 505 | _aContenido : Estampa -- El sexo y el tango -- El hibridismo -- El tango y la cultura de la pobreza ... | ||
| 650 |
_aTango _931735 |
||
| 650 |
_aCultura _9126 |
||
| 650 |
_aSociología _9276 |
||
| 942 |
_2ddc _cLIBROS |
||
| 945 |
_arah _d15/04/2019 |
||